[Event "Leon op"]
[Site "Leon"]
[Date "1997.??.??"]
[Round "3"]
[White "Gomez Esteban, Juan Mario"]
[Black "Eslon, Jaan"]
[Result "1-0"]
[WhiteElo "2490"]
[BlackElo "2365"]
[Annotator "Romero Holmes"]
[PlyCount "83"]
[EventDate "1997.08.??"]
[EventType "swiss"]
[EventRounds "9"]
[EventCountry "ESP"]
[SourceTitle "CBM 059 Extra"]
[Source "ChessBase"]
[SourceDate "1997.09.26"]
[SourceVersion "1"]
[SourceVersionDate "1997.09.26"]
[SourceQuality "1"]

1. d4 Nf6 2. c4 g6 3. g3 Bg7 4. Bg2 d5 5. cxd5 Nxd5 6. e4 Nb6 7. Ne2 h5 8. h3
Nc6 9. d5 Na5 10. Nbc3 c6 11. b3 cxd5 12. exd5 e6 {Deberia haberse enrocado}
13. Ba3 exd5 14. O-O Be6 15. Nb5 Qd7 16. Ned4 {El jaque en d6 es más aparente
que otra cosa. Con esta jugada el cerrojo de la columna e puede irse al traste}
Nc6 17. Rc1 (17. Re1 {era bastante interesante aunque quizá las blancas
pensaban tener en reserva la posibilidad del avance f4, con la ayuda de la Tf1}
) 17... Bf8 $2 {En mi opinión el error decisivo. Era más tenaz} (17... Nxd4 18.
Nxd4 Rc8 (18... Bf8 19. Bxf8 Kxf8 20. f4 $5 (20. Nxe6+ fxe6 21. Qd4) 20... Bxh3
21. f5 Bxg2 22. Kxg2 {con fuerte iniciativa a cambio de un peón}) 19. Rxc8+
Nxc8 20. Re1) 18. Bb2 Bg7 {DIAGRAMA} 19. Nc7+ $3 {Una jugada de bonita factura.
El Alfil de g7 está indefenso y las casillas negras se resienten. Ganadora.}
Qxc7 20. Nb5 Qd7 21. Bxg7 Rg8 22. Bf6 Rc8 23. Re1 Kf8 24. Qd2 g5 25. Bxg5 Rg6
26. h4 Kg8 27. Nc3 {Mario estaba ya en apuro de tiempo y no acierta con la más
sencilla Nd4. De todos la misión es superar el control manteniendo las
ventajas de la posición, aunque cada jugada que pasa es un calvario para las
negras.} f6 28. Bf4 Rd8 29. Kh2 Bf7 $2 {Haciendo la labor de las blancas más
sencilla. Era más tenaz} (29... d4 30. Ne4 Bd5 31. Bh3 (31. Qe2)) 30. Bh3 f5
31. Qd3 Rg4 32. Bxg4 {Mejor f3.} hxg4 33. Bg5 Ra8 34. Bf6 d4 35. Qd2 Kh7 36.
Ne2 Qd6 37. Bxd4 (37. Qg5 Rg8 38. Qxf5+ Bg6 39. Qf4) 37... Rd8 {Interesante
Ne5, pero las blancas tienen Ng1.} 38. Qg5 Rg8 39. Qf6 Qd7 40. Bxb6 Rg6 41.
Rcd1 $1 {Diagrama,[#]} Qe8 42. Qxf5 1-0

[Event "Leiden LCT op-A 6th"]
[Site "Leiden"]
[Date "2012.07.09"]
[Round "4"]
[White "Luch, Michal"]
[Black "Zakhartsov, Viacheslav V"]
[Result "1/2-1/2"]
[WhiteElo "2426"]
[BlackElo "2547"]
[Annotator "Zakhartsov,Vi"]
[PlyCount "50"]
[EventDate "2012.07.06"]
[EventType "swiss"]
[EventRounds "9"]
[EventCountry "NED"]
[SourceTitle "CBM 149 Extra"]
[Source "ChessBase"]
[SourceDate "2012.08.24"]
[SourceVersion "1"]
[SourceVersionDate "2012.08.24"]
[SourceQuality "1"]

1. d4 Nf6 2. c4 g6 3. g3 Bg7 4. Bg2 d5 5. cxd5 Nxd5 6. e4 Nb6 7. Ne2 c5 8. d5
O-O 9. O-O e6 10. Nec3 Na6 11. Na3 {This move shouldn't cause trouble for
Black.} ({More challenging is} 11. a4) 11... exd5 12. exd5 Bf5 13. Be3 Qd7 {
I do not see a big difference between the text and} (13... Re8 14. Qd2 Qd7 {
with good counterplay, for example} 15. Rfd1 Rac8 16. Bf1 Bh3 {(Bukal-Rade,
Sibenik 2009)}) 14. Qb3 (14. Qd2 Rfe8 {would transpose to the previous note.})
14... Bd3 15. Rfd1 c4 16. Qb5 Rfd8 17. d6 {A new move, but a logical one.} ({
Previously} 17. Bxb6 {has been played:} Qxb5 18. Naxb5 axb6 19. Bf1 Bxf1 20.
Kxf1 Nc5 21. Rab1 Na4 $11 {Jirka-Pantaleev, Pardubice 2009}) 17... Qxd6 18.
Bxb6 (18. Bxb7 Nc7 19. Qa5 Rab8 20. Qxa7 (20. Bf4 Qd7 21. Qxa7 $2 Nb5) 20...
Nbd5 {led to an advantage.for Black}) 18... Qxb6 {Intending to sacrifice an
exchange.} ({For some reason I thought that} 18... axb6 {was bad, but in fact
this led to approximate equality in different ways:} 19. Bxb7 (19. Nxc4 Qe6 (
19... Qd4 {is also possible:} 20. Bxb7 Nc7 (20... Qxc4 $2 21. Bxa8 Qxb5 22.
Nxb5 Bxb2 23. Rab1 Bf6 24. Rbc1 {led to a material advantage for White:} Bxb5
25. Rxd8+ Bxd8 26. Rc8) 21. Qxb6 Qxb6 22. Nxb6 Rab8 23. Nbd5 Rxb7 24. Rxd3 Bxc3
25. Ne7+ Kf8 26. Rxd8+ Kxe7 27. Rd3 Bxb2 28. Rb1 Rb6 29. a4 Rb4 30. a5 {
should be a draw, but White has some pull}) 20. Nd5 Be2 21. Re1 Rac8 22. Qxb6
Rxd5 23. Qxe6 fxe6 24. Nb6 Rc2 25. Nxd5 exd5 26. Bxd5+ Kf8 27. Rac1 Rxb2 28.
Rc8+ Ke7 29. Bxb7 Kd7 30. Rxe2 Rxe2 31. Bxa6 Rxa2 32. Rb8 Bd4 33. Bb5+ Ke7 34.
Re8+ Kf7 35. Re2 Rxe2 36. Bxe2 {with a draw}) 19... Nc7 20. Nxc4 Nxb5 21. Nxd6
Nxc3 22. bxc3 (22. Rxd3 Rxa2 $11) 22... Ra7 23. Rxd3 Rxb7 24. Nxb7 Rxd3 25. Rb1
Bxc3 26. Rxb6 Rd2 {and due to the double threat ...Rxa2 and ...Bd4 Black
regains a pawn, with a draw.}) 19. Bxb7 Nc7 {I thought that I was forced to
sacrifice an exchange, whereas} (19... Qxb5 20. Naxb5 Rab8 21. Bxa6 Rb6 {
led to equality:} 22. Nc7 Bxc3 23. Bxc4 (23. bxc3 Rc6 24. Bxc4 Rxc4 25. Na6
Rxc3 26. Nb4 a5 {=}) 23... Bxb2 24. Rab1 Rc8 25. Nd5 Bxb1 26. Ne7+ Kg7 27. Nxc8
Rc6 28. Rxb1 Rxc8 (28... Rxc4 29. Rxb2 Rxc8 30. Rb7 a5 31. Rb5 a4 32. Rb4 Ra8 {
also should be a draw}) 29. Bxf7 Rc1+ 30. Rxc1 Bxc1 {with a drawish ending.})
20. Qxb6 axb6 21. Bxa8 Rxa8 {Visibly Black has more than enough compensation
for the exchange due to 2 strong bishops and best piece coordination. But
after the only move...} 22. Rac1 {...things are not so clear. The white knight
is ready to go to c2 and then to b4.} Bh6 23. Rxd3 {Michal was in severe time
trouble and has decided to simplify. He didn't like either} (23. Ra1 Ra5 $5 (
23... Bg7 {=}) 24. Nab1 b5 25. a3 b4 26. Na2 Nd5 27. axb4 Nxb4 28. Na3 Nxa2 29.
Rxa2 Bg7 {with full compensation, but no more; or}) (23. f4 {(the most
principled)} Bg7 (23... g5 24. Nxc4 (24. Ncb1 {(the first choice of the
computer)} gxf4 25. Rxd3 cxd3 26. Rxc7 fxg3 27. Rd7 gxh2+ 28. Kxh2 Bg7 29. b3
Bf8 30. Nc4 b5 31. Ncd2 Rxa2 32. Rxd3 Rb2 {, and Black can hold due to the
poor position of the white knights}) 24... Bxc4 25. Ne4 b5 26. b3 {(here I
stopped calculating and I rejected 23...g5 for this reason, but fight is still
ongoing)} Be2 27. Re1 gxf4 28. Rxe2 f3 29. Rec2 Bxc1 30. Rxc1 Nd5 31. Rc5 Ne7
32. Rc2 Nd5 33. Rd2 {with a better ending for White. In such time trouble it
was impossible to a human to calculate all this.}) 24. Nc2 Na6 25. Kg2 {
and White gradually consolidates. I am not sure that Black has full
compensation.}) 23... cxd3 24. Rd1 Rd8 (24... b5 {was the most straightforward
way to a draw:} 25. Ncxb5 Nxb5 26. Nxb5 Rxa2 27. Rxd3 Rxb2 $11) 25. Nc4 b5 {
Offering a draw.} ({Play could continue} 25... b5 26. Ne5 d2 27. f4 Bg7 28. Kf2
b4 29. Ne4 Ra8 $11) 1/2-1/2